| 000 | 03973nas1a22003971i 4500 | ||
|---|---|---|---|
| 001 | RU\NLR\INFOCOMM19\5000005915 | ||
| 005 | 20240723103347.0 | ||
| 035 | _a(NLR Aleph) 002359194 | ||
| 090 |
_a4536977 _c4536977 |
||
| 100 | _a20041124c1970 |||y0rusy50 ca | ||
| 101 | 0 | _arus | |
| 102 | _aRU | ||
| 110 | _azyuzz 0|y| | ||
| 200 | 1 |
_aСправочник Государственного гидрометеорологического фонда СССР _hЧ.4 _hТ.7 _iГидрометеорология моря _iМоря: Красное, Лаптевых, Восточно-Сибирское и Чукотское _fГлав. упр. Гидрометеорол. службы при Совете Министров СССР. Ордена Ленина Арктический и Антарктический науч.-исслед. ин-т |
|
| 210 |
_aЛ. _d1970-1979 |
||
| 309 | _aОтпеч. множит. аппаратом | ||
| 311 | _aС Вып.15 (1979) разделилось на: ...Ч.4. Т.7. [Карское море] (ш.: П8/1235), ...Ч.4. Т.11 [Море Лаптевых] (ш.: П8/1229) и ...Ч.4, Т.12. [Восточно-Сибирское, Чукотское море] (ш.: П8/1245) | ||
| 440 | 0 |
_12001#$aСправочник Государственного гидрометеорологического фонда СССР$hЧ.4$hТ.7$iГидрометеорология моря$iКарское, Лаптевых, Восточно-Сибирское, Чукотское моря _tСправочник Государственного гидрометеорологического фонда СССР |
|
| 446 | 0 |
_12001#$aСправочник Государственного гидрометеорологического фонда СССР$hЧ.4$hТ.7$i[Карское море] _1852##$aNLR$jП8/1235 _tСправочник Государственного гидрометеорологического фонда СССР |
|
| 446 | 0 |
_12001#$aСправочник Государственного гидрометеорологического фонда СССР$hЧ.4$hТ.11$i[Море Лаптевых] _1852##$aNLR$jП8/1229 _tСправочник Государственного гидрометеорологического фонда СССР |
|
| 446 | 0 |
_12001#$aСправочник Государственного гидрометеорологического фонда СССР$hЧ.4$hТ.12$i[Восточно-Сибирское, Чукотское море] _1852##$aNLR$jП8/1245 _tСправочник Государственного гидрометеорологического фонда СССР |
|
| 710 | 0 | 1 |
_aСССР _bГидрометеорологический фонд _4070 |
| 801 | 1 |
_aRU _bInfoComm _c20041124 |
|
| 801 | 0 |
_aRU _bNLR _gPSBO |
|
| 852 |
_aNLR _jП8/909 |
||
| 942 | _cSE | ||
| 980 | _aRUSPER | ||